|
|
|
|
| LEADER |
00872naa a2200205 i 4500 |
| 001 |
acta78697 |
| 005 |
20230427150544.0 |
| 008 |
230427s1995 hu o 0|| hun d |
| 020 |
|
|
|a 963 482 087 5
|
| 040 |
|
|
|a SZTE Egyetemi Kiadványok Repozitórium
|b hun
|
| 041 |
|
|
|a hun
|
| 100 |
1 |
|
|a Szergejev Zsuzsanna
|
| 245 |
1 |
0 |
|a Koncz István (1937)
|h [elektronikus dokumentum] :
|b "... a magabiztosságot az Új Symposion generációja hozta magával..." /
|c Szergejev Zsuzsanna
|
| 260 |
|
|
|a JATE Szláv Filológiai Tanszék
|b Szeged
|c 1995
|
| 300 |
|
|
|a 53-57
|
| 490 |
0 |
|
|a Rózsaszín flastrom : beszélgetések vajdasági írókkal
|
| 650 |
|
4 |
|a Bölcsészettudományok
|
| 650 |
|
4 |
|a Nyelvek és irodalom
|
| 695 |
|
|
|a Koncz István, Magyar irodalom - Vajdaság - 20. sz. - interjú
|
| 856 |
4 |
0 |
|u http://acta.bibl.u-szeged.hu/78697/1/rozsaszin_flastrom_1995_053-057.pdf
|z Dokumentum-elérés
|